000 01136cam a2200205 4500
001 L137120
008 070315s2006 xxk f 000 0 eng d
035 _a(Sirsi) u137120
041 0 _aeng
110 2 _aIPD Occupiers
_95090
245 0 0 _aInternational total occupancy cost code
_h[electronic resource]
260 _c2006
505 2 _aApproach -- Cost definitions -- Applying the Code -- Putting the code to work -- Cost code reconciliation guide -- Cost Mapping Guide
520 _aProvides an industry standard approach to the collection and analysis of corporate property costs. Gives advice on property costs and the communication of the findings to others in the business. Contains case studies to illustrate how the Code has been used to better measure and manage the costs associated with running large corporate estates.
590 _aKA
651 4 _aEngland and Wales
_y1543-
690 _aPROPERTY-COMMERCIAL PROPERTY-COMMERCIAL PROPERTY MANAGEMENT-COMMERCIAL PROPERTY OCCUPANCY COSTS
856 4 0 _uhttps://www.ipdglobal.com/
_zView the item free of charge after registration at www.ipdglobal.com...
942 _n0
999 _c106648
_d106648